000 01815nam a2200373Ia 4500
001 dia_5769
003 CHAP
005 20250227124913.0
007 ta
008 220117s2010 mx ado f 001 0 spa d
040 _cCHAP
_amxchpua
090 _aT.C.522
_bP47 SAI
_c2010
245 1 0 _aReporte del viaje de estudios del sistema agroindustrial miel en la región centro-norte del estado de Chiapas /
_ccoordinadores Artemio Pérez López y Arturo Pérez Román ; colaboradores Aureliano Gómez Salazar...[y otros
260 _aMéxico :
_bEl autor,
_c2010
300 _a62 hojas :
_bilustraciones, diagramas, tablas, gráficas, fotos
336 _2rdacontent
_atexto
_btxt
337 _2rdamedia
_ano mediado
_bn
338 _2rdacarrier
_avolumen
_bnc
500 _aGrado: 6° año Grupo: 03 Directorio: h. 61-62
502 _aViaje de estudios
_b(SAI) --
_cUACh. Departamento de Ingeniería Agroindustrial,
_d2010
504 _aBibliografía: hoja 56-58
505 0 0 _tEmpresas visitadas: -- 1.SAGARPA Chiapas -- 2. FIRCO (Fideicomiso de Riesgo Compartido) -- 3.Secretaría del Campo, Subsecretaría de Comercialización -- 4.Instalaciones del Colegio de la Frontera Sur (ECOSUR) -- 5.Industria Apícola Vives, S. A. de C. V. -- 6.Productores Agropecuarios de la Selva la Candona, S. S. S.
650 1 3 _aMiel y productos fabricados por abejas
_9143229
_zMéxico
_zChiapas
650 1 0 _aHoney and bee products
_zMexico
_zChiapas
_9159514
700 1 _aPérez López, Artemio
_9149931
_ecoordinador
700 1 _aPérez Román, Arturo
_9148019
_ecoordinador
700 1 _aGómez Salazar, Aureliano
_949891
_ecolaborador
901 _aT.C.522 P47 SAI 2010
902 _aM
905 _a5232272010 mx dimn8223123322spa16
942 _2local
942 _cVE
999 _c176777
_d176777